Chimani belakininda: Atma kathe: (Record no. 231896)
[ view plain ]
| 000 -LEADER | |
|---|---|
| fixed length control field | 01251nam a22002057a 4500 |
| 005 - DATE AND TIME OF LATEST TRANSACTION | |
| control field | 20241104113237.0 |
| 008 - FIXED-LENGTH DATA ELEMENTS--GENERAL INFORMATION | |
| fixed length control field | 241104b ||||| |||| 00| 0 eng d |
| 040 ## - CATALOGING SOURCE | |
| Transcribing agency | AL |
| 041 ## - LANGUAGE CODE | |
| Language code of text/sound track or separate title | kan |
| 082 ## - DEWEY DECIMAL CLASSIFICATION NUMBER | |
| Edition number | 23 |
| Classification number | 920K |
| Item number | HEGC |
| 100 ## - MAIN ENTRY--PERSONAL NAME | |
| Personal name | M G Hegade: ಎಂ ಜಿ ಹೆಗಡೆ |
| 100 ## - MAIN ENTRY--PERSONAL NAME | |
| 9 (RLIN) | 183941 |
| 245 ## - TITLE STATEMENT | |
| Title | Chimani belakininda: Atma kathe: |
| Remainder of title | ಚಿಮಣಿ ಬೆಳಕಿನಿಂದ: ಆತ್ಮಕಥೆ |
| 260 ## - PUBLICATION, DISTRIBUTION, ETC. | |
| Place of publication, distribution, etc. | Shivamogga |
| Name of publisher, distributor, etc. | Aharnishi Prakashana |
| Date of publication, distribution, etc. | 2024 |
| 300 ## - PHYSICAL DESCRIPTION | |
| Extent | 228p. |
| Other physical details | PB |
| Dimensions | 21x14cm. |
| 365 ## - TRADE PRICE | |
| Source of price type code | Kannada |
| Price amount | 250.00 |
| Currency code | ₹ |
| Unit of pricing | 250.00 |
| 520 ## - SUMMARY, ETC. | |
| Summary, etc. | ವಿದ್ಯಾರ್ಥಿ ದೆಸೆಯಲ್ಲಿ ಹಿಂದುತ್ವ ಕಾರ್ಯಕರ್ತರಾಗಿ, ಯೌವ್ವನದ ದಿನದಲ್ಲಿ ಹಿಂದುತ್ವ ಚಳವಳಿಯ ದೊಡ್ಡ ಶಕ್ತಿಯಾಗಿ, ನಂತರದ ದಿನಗಳಲ್ಲಿ "ಧರ್ಮ ಕಾರಣ" ದ ಟೊಳ್ಳುತನವನ್ನು ಅರಿತು ಜಾತ್ಯಾತೀತ ಸಿದ್ದಾಂತದೆಡೆ ವಾಲಿದ ಎಮ್ ಜಿ ಹೆಗ್ಡೆಯವರ ಆತ್ಮಕತೆ ....<br/><br/> |
| 650 ## - SUBJECT ADDED ENTRY--TOPICAL TERM | |
| Topical term or geographic name entry element | Biography: ಆತ್ಮಕಥೆ |
| 9 (RLIN) | 183938 |
| 700 ## - ADDED ENTRY--PERSONAL NAME | |
| Personal name | HEGADE (M G): ಹೆಗಡೆ (ಎಂ ಜಿ) |
| 9 (RLIN) | 183939 |
| 942 ## - ADDED ENTRY ELEMENTS (KOHA) | |
| Source of classification or shelving scheme | Dewey Decimal Classification |
| Koha item type | Donated Books |
| Withdrawn status | Lost status | Source of classification or shelving scheme | Damaged status | Not for loan | Collection code | Home library | Current library | Date acquired | Total Checkouts | Full call number | Barcode | Date last seen | Price effective from | Koha item type |
|---|---|---|---|---|---|---|---|---|---|---|---|---|---|---|
| Dewey Decimal Classification | Kannada | St Aloysius Library | St Aloysius Library | 11/04/2024 | 920K HEGC | D06194 | 11/04/2024 | 11/04/2024 | Donated Books |